| 000 | 00000nas 2200000zi 4500 |
| 001 | 9.874157 |
| 003 | CaOODSP |
| 005 | 20231129100506 |
| 006 | m o d f |
| 007 | cr ||||||||||| |
| 008 | 190603d20192020qucar p o f0###a0eng|d |
| 020 | |z978-0-660-27564-2 |
| 022 | |a2562-6310 |
| 040 | |aCaOODSP|beng|erda|cCaOODSP |
| 043 | |an-cn--- |
| 086 | 1 |aEn1-81E-PDF|zEn4-342/2018E-PDF |
| 110 | 1 |aCanada. |bEnvironment and Climate Change Canada, |eauthor, |eissuing body |
| 222 | 0|aFive-year departmental evaluation plan … |
| 245 | 10|aFive-year departmental evaluation plan … |
| 264 | 1|aGatineau, QC : |bEnvironment and Climate Change Canada = Environnement et changement climatique Canada, |c2018-2019. |
| 310 | |aAnnual |
| 336 | |atext|btxt|2rdacontent |
| 337 | |acomputer|bc|2rdamedia |
| 338 | |aonline resource|bcr|2rdacarrier |
| 362 | 1 |aBegan with: fiscal year 2018 to 2019 to fiscal year 2022 to 2023; ceased with: fiscal year 2019 to 2020 to fiscal year 2023 to 2024. |
| 500 | |aIssued also in French under title: Plan ministériel d'évaluation quinquennal … |
| 588 | |aDescription based on: fiscal year 2018 to 2019 to fiscal year 2022 to 2023. |
| 588 | |aLatest issue consulted: fiscal year 2019 to 2020 to fiscal year 2023 to 2024. |
| 610 | 10|aCanada. |bEnvironment and Climate Change Canada|xAuditing|vPeriodicals. |
| 650 | 0|aExpenditures, Public|xAuditing|vPeriodicals. |
| 655 | 7|aPeriodicals|2lcgft |
| 775 | 08|tPlan ministériel d'évaluation quinquennal … |w(CaOODSP)9.874160 |
| 785 | 00|tDepartmental evaluation plan … |w(CaOODSP)9.891196 |